000 00769nam a2200253Ia 4500
003 OSt
005 20221005035752.0
006 a|||||r|||| 00| 0
007 ta
008 221004b |||||||| |||| 00| 0 pan d
020 _a818138041X (hbk)
_c300
024 _a88844
037 _b485, 09/03/2007, Manpreet Parkashan
_cTextual
040 _aCRL
_cCRL
_bpan
041 _2pan
_apan
082 _aO153,3:g(Y15), P6
100 _aRajni Rani Au.
_9588632
245 0 _aNaarivadi chintan ate Punjabi khani
260 _aDelhi
_bM.P.Publications India
_c2006
300 _a239p.
_ccm.
650 _aPUNJABI LITERATURE
942 _hO153,3:g(Y15), P6
_cTEXL
_2cc
999 _c945786
_d945786